| 000 | 00416cam a2200157ua 4500 | ||
|---|---|---|---|
| 041 |
_aeng _h |
||
| 082 |
_a028.74622 _bGHO/IN |
||
| 100 | _aGhose, A K . | ||
| 245 |
_aIndian metalliferrous mining industry- A conspectus / _cA K Ghose. _hTextual Documents |
||
| 250 |
_a1 / _b. |
||
| 260 |
_aCalcutta : _bInstitution of engineers , _c1986. |
||
| 300 | _a72 ; . | ||
| 504 | _a | ||
| 942 | _cBK | ||
| 999 |
_c6740 _d6740 |
||